00371nam a2200169Ia 4500008004100000041001200041082001200053100002100065245001900086365000700105520001300112546001200125630001900137650001300156655001300169730001900182101110s9999 xx 000 0 und d aMARATHI bSR12984 aPalsodkar Suresh aVyavsay Kayade b30 aCommerce aMARATHI aVyavsay Kayade aCommerce aCommerce aVyavsay Kayade